=LDR 00000nam 2200000 4500 =001 000283 =990 ##$$a TBM202500091 =005 20250710125816 =035 ##$$a 0010-0725000125 =245 1#$$a Siapa Namamu? /$c Neha Taksale =100 #$$a Taksale, Neha =250 ##$$a Cetakan Pertama =300 ##$$a 20 hlm. : $b ilus. ; $c 22,9 cm =260 ##$$a Jakarta :$b Badan Pengembangan dan Pembinaan Bahasa,$c 2022 =082 ##$$a 398.209 598 =084 ##$$a 398.209 598 TAK s =020 ##$$a 978-623-307-959-4 =650 #4$$a CERITA ANAK INDONESIA-TERJEMAHAN =650 #4$$a LITERASI-BAHAN BACAAN